| 000 | | | 04288nac2a22002893x 450 |
| 001 | | | c7a2e7ad-883d-46c4-a0b7-d86d6e8cc4ba |
| 005 | | | 20211209192026.0 |
| 100 | ## | $a | 20211120l19081912k y0rusy50 ca |
| 101 | 0# | $a | rus |
| 102 | ## | $a | RU |
| 105 | ## | $a | y z ||||| |
| 122 | 2# | $a | d19081231 |
| | $a | d19121231 |
| 200 | 1# | $a | Киселев Андрей Петрович. Поздравление и личная просьба |
| | $j | 1908-1912 |
| 215 | ## | $a | 3 листа |
| 251 | ## | $c | Дело |
| 300 | ## | $a | Заголовок дела на папке: Телеграмма Киселева Андрея Петровича - Звегинцеву Ал. Ив. (Поздравление и просьба о билете в Думу) |
| 300 | ## | $a | Лист: 3 - телеграмма |
| 300 | ## | $a | Машинописный и рукописный текст |
| 330 | ## | $a | Входит в раздел описи: 1. Письма к А. И. Звегинцову. 2/ Письма по служебной деятельности А. И. Звегинцова |
| 461 | #0 | $1 | 001fc48e33c-c630-4015-85dd-2f2aab656f45 |
| | $1 | 2001 |
| | $a | Звегинцев Александр Иванович, помещик Воронежской губернии, депутат III Государственной думы, член партии "Союз 17 октября" |
| | $1 | 251 |
| | $c | Фонд |
| | $1 | 852 |
| | $j | 932 |
| 462 | #0 | $1 | 001ddcf82e7-7bd9-4c5e-b7f1-85df8b3febb3 |
| | $1 | 2001 |
| | $a | Дела постоянного хранения. 1899-1913 гг. |
| | $v | Д. 196 |
| | $1 | 251 |
| | $c | Опись |
| | $1 | 852 |
| | $j | 1 |
| 517 | 1# | $a | Телеграмма Киселева Андрея Петровича - Звегинцеву Ал. Ив. (Поздравление и просьба о билете в Думу) |
| 600 | #1 | $a | Звегинцев |
| | $b | А. И. |
| | $g | Александр Иванович |
| 600 | #1 | $a | Киселев |
| | $b | А. П. |
| | $g | Андрей Петрович |
| 801 | #0 | $a | RU |
| | $b | GA_RF |
| 801 | #1 | $a | RU |
| | $b | ГлавНИВЦ |
| | $c | 20211120 |
| | $2 | rusmarc |
| 801 | #2 | $a | RU |
| | $b | ПБ им. Б.Н. Ельцина |
| | $c | 20211209 |
| | $g | RCR |
| | $2 | rusmarc |
| 852 | ## | $a | ГА РФ |
| | $j | 196 |
| 937 | ## | $d | 171377571 |
| | $h | ГАРФ |
| 035 | ## | $a | RuPRLIB51062468 |
| 856 | ## | $u | http://readingroom.main.prlib.ru/item.aspx?id_node=n171377571&mode=full |